Normal view
MARC view
- عالم عربي- الحياة الفكرية- القرن العشرون، فارس فيلكس، اسماعيل ادهم 1911-1940
Entry Topical Term
001 - CONTROL NUMBER
- control field: 7988
003 - CONTROL NUMBER IDENTIFIER
- control field: JO-AjAnu
005 - DATE AND TIME OF LATEST TRANSACTION
- control field: 20230606071605.0
008 - FIXED-LENGTH DATA ELEMENTS
- fixed length control field: 230606|| aca||aabn | a|a d
040 ## - CATALOGING SOURCE
- Original cataloging agency: JO-AjAnu
- Transcribing agency: JO-AjAnu
150 ## - HEADING--TOPICAL TERM
- Topical term or geographic name entry element: عالم عربي- الحياة الفكرية- القرن العشرون، فارس فيلكس، اسماعيل ادهم 1911-1940
670 ## - SOURCE DATA FOUND
- Source citation: Work cat.: (JO-AjAnu)4125: بقلم نصار، عصمت؛ تصدير الخضيري، زينب محمود , author 7987, ثقافتنا العربية بين الايمان والالحاد: مناظرة بين فيلكس فارس وحسن اسماعيل